| 000 | 00450cam a2200169ua 4500 | ||
|---|---|---|---|
| 020 |
_a81-204-0737-7 _c45.00 |
||
| 041 |
_aeng _h |
||
| 082 |
_a620.30287 _bRAM/PR |
||
| 100 | _aRaman, R . | ||
| 245 |
_aPrinciples of mechanical measurements / _cR Raman. _hTextual Documents |
||
| 260 |
_aNew Delhi : _bOxford & IBH Publishing company , _c1992. |
||
| 300 | _a240 ; . | ||
| 365 | _a45.00 | ||
| 504 | _a | ||
| 942 | _cBK | ||
| 999 |
_c10603 _d10603 |
||